[Event "Spring Tour GM Mix B 2022"]
[Site "Cattolica"]
[Date "2022.03.14"]
[Round "9.7"]
[White "Vaishali R"]
[Black "Davtyan, Artur"]
[Result "0-1"]
[WhiteElo "2403"]
[BlackElo "2460"]
[Annotator "TA"]
[PlyCount "94"]
[EventDate "2022.03.10"]
[EventType "swiss"]
[EventCountry "ITA"]
[SourceTitle "playchess.com"]
[Source "ChessBase"]
[SourceQuality "1"]

{[%evp 19,94,25,24,12,14,11,8,11,36,31,28,30,36,40,36,33,55,36,20,22,47,39,75,60,178,160,155,155,258,234,231,244,249,223,205,188,377,212,266,261,259,255,275,198,182,208,714,704,691,652,581,349,321,314,543,-620,-620,-617,-597,-596,-584,-564,-534,-617,-590,-733,-703,-925,-875,-1011,-860,-1087,-972,-12839,-12839,-5281,-1604]} 1. e4 e5 2. Nf3 Nc6 3. Bb5 a6 4. Ba4 Nf6 5. O-O Be7 6. d3 b5 7. Bb3 d6 8. a4 Rb8 9. axb5 axb5 10. Nc3 O-O {10...Bg4 deserves study.} 11. Nd5 {C84: Closed Ruy Lopez: Unusual White 6th moves.} (11. Qe2 {is interesting.} Bg4 12. Be3 Qc8 13. h3 Bh5 14. Nd5) 11... Nxd5 12. Bxd5 Nb4 13. Bb3 $1 {[#] The position is equal.} Bd7 $146 ({Predecessor:} 13... c5 14. c3 Nc6 15. Bd5 Bd7 16. h3 Bf6 17. Nh2 Ne7 {½-½ (17) Kasimdzhanov,R (2691)-Mamedyarov,S (2762) Tashkent 2016}) 14. c3 Nc6 15. d4 {[#] And now d5 would win.} exd4 16. cxd4 Bg4 17. Be3 Bf6 18. Qd2 Bxf3 19. gxf3 Ne7 20. f4 d5 21. f3 (21. e5 $5 {[%cal Re5f6]} Qd7 22. Qe2 $14 (22. exf6 Qg4+ 23. Kh1 Qf3+ 24. Kg1 Qg4+ 25. Kh1 Qf3+ 26. Kg1 Qg4+ $11)) 21... c5 (21... g6 $14) 22. e5 $18 (22. dxc5 dxe4 23. fxe4 Qxd2 24. Bxd2 Bxb2 $11) 22... Bh4 23. dxc5 Nf5 (23... Qc8 $16 {is a better defense.} 24. Rfc1 (24. Bxd5 Rd8 $15) 24... Qc6) 24. Bc2 Nxe3 25. Qxe3 b4 26. Ra7 $40 {[%mdl 128] White attacks with force.} b3 27. Bxb3 {[%cal Bc2b3,Bb3d5,Bd5e4][%mdl 32]} Rb4 $2 (27... g6 {was worth a try.} 28. e6 d4) 28. Ra4 (28. c6 $142) 28... Rb5 29. Rc1 Qb8 30. Bxd5 {[#] aiming for e6.} Rxb2 31. Qc3 Qb5 {Strongly threatening ...Qe2.} 32. Qc4 Qd7 (32... Bf2+ 33. Kh1 Bxc5) 33. e6 Qe7 34. exf7+ Kh8 {( -> ...Qe3+)} 35. Be4 Bf2+ 36. Kh1 {Threatens to win with Ra8.} Be3 $2 (36... Qh4 37. Ra2 (37. Rb1 Rd2 $16) 37... Rxa2 38. Qxa2 Qxf4) 37. Rc2 $4 {[%mdl 8192]} (37. Ra8 $18 Rxa8 38. Bxa8 Bxc1 39. Qxc1) 37... Rb1+ $19 {Black is clearly winning.} 38. Kg2 {Hoping for Kh3.} Qh4 {[%csl Ge3][%cal Rb1g1]} 39. Qf1 Rxf1 40. Kxf1 Qxf4 41. c6 Bb6 42. Rb4 Bc7 43. Rd4 Qxf7 44. Rd7 Qf4 {...Qxe4 is the strong threat.} 45. Re2 Bb6 {White must now prevent ...Qg5.} 46. Rd1 Qg4 {[%csl Gb6][%cal Rg4g1]} 47. Rf2 Qh3+ {What a bad dream for White.  Weighted Error Value: White=0.43/Black=0.32} 0-1

[Event "Spring Tour GM Mix B 2022"]
[Site "Cattolica"]
[Date "2022.03.14"]
[Round "9.8"]
[White "Begmuratov, Khumoyun"]
[Black "Kamalidenova, Meruert"]
[Result "1/2-1/2"]
[WhiteElo "2358"]
[BlackElo "2362"]
[Annotator "TA"]
[PlyCount "47"]
[EventDate "2022.03.10"]
[EventType "swiss"]
[EventCountry "ITA"]
[SourceTitle "playchess.com"]
[Source "ChessBase"]
[SourceQuality "1"]

{[%evp 20,47,10,-20,-12,-7,0,0,0,0,0,0,2,0,11,10,61,47,67,0,0,0,0,0,34,0,0,0,59,32]} 1. e4 c5 2. Nf3 Nc6 3. d4 cxd4 4. Nxd4 Nf6 5. Nc3 d6 6. Be2 e5 7. Nb3 {[%cal Bd4b3,Bb3c1,Bc1e2][%mdl 32]} Be7 8. O-O O-O 9. Be3 Be6 10. Qd2 a5 {[%cal Ba7a5,Ba5a4][%mdl 32]} 11. Rad1 a4 {B59: Classical Sicilian: 6 Be2 e5 7 Nb3.} 12. Nc1 Qa5 13. f3 Rfc8 {The position is equal.} 14. a3 {[#]} Bd8 $146 ({Predecessor:} 14... Nd4 15. Bd3 h6 16. h3 d5 17. exd5 Nxd5 18. Nxd5 Qxd5 19. Ne2 Nf5 20. Nc3 Qa5 {½-½ (30) Mogey,J-Campbell,J USA 1975}) 15. Kh1 Bb6 16. Bd3 Nd4 17. N1e2 Bc4 (17... Nxe2 $11 18. Bxe2 (18. Qxe2 Bxe3 19. Qxe3 Rc5 $11) 18... h6) 18. Bxc4 Rxc4 19. Bxd4 (19. g4 $14) 19... exd4 $11 20. Nb1 d5 {[#] And now ...Qxd2 would win.} 21. e5 Nd7 22. f4 (22. b4 $5 {[%cal Rb4a5]} Qb5 23. f4 $11) 22... Qxd2 23. Rxd2 Ba5 ({Black should try} 23... Rac8 $11 24. c3 Nc5) 24. c3 {Weighted Error Value: White=0.12 (very precise) /Black=0.22 (precise)} 1/2-1/2

[Event "Spring Tour GM Mix B 2022"]
[Site "Cattolica"]
[Date "2022.03.14"]
[Round "9.9"]
[White "Knudsen, Simon"]
[Black "Ermitsch, Magnus"]
[Result "*"]
[WhiteElo "2203"]
[BlackElo "2127"]
[Annotator "TA"]
[PlyCount "129"]
[EventDate "2022.03.10"]
[EventType "swiss"]
[EventCountry "ITA"]
[SourceTitle "playchess.com"]
[Source "ChessBase"]
[SourceQuality "1"]

{[%evp 9,129,12,14,10,19,2,10,0,0,0,0,-7,0,-16,-25,-27,-23,-26,-39,-92,-26,-59,-14,-17,-13,-27,-37,-33,-39,-41,-25,-22,-21,-21,0,-22,-21,-22,-22,-39,-30,-33,-30,-29,-17,-21,-19,-16,30,-39,0,0,0,0,0,0,13,0,0,9,93,29,82,81,100,77,86,77,79,0,55,50,40,49,56,51,50,32,102,105,145,132,152,160,131,146,226,156,294,264,304,301,461,428,365,290,517,453,518,504,782,706,917,892,914,916,1090,1080,29980,12817,29987,29988,29992,29991,29991,29992,29994,29995,29995,29996,29996,266]} 1. e4 c5 2. Nf3 e6 3. g3 Nc6 4. Bg2 Nf6 5. Qe2 e5 6. O-O {B40: Sicilian: 2...e6, Unusual lines.} Be7 7. c3 {[%cal Od2d4]} O-O 8. Rd1 {The position is equal.} d5 9. exd5 Qxd5 {[#] Threatens to win with ...e4.} 10. d3 Rd8 11. Ng5 {To avoid e4} Qd6 12. Na3 Bg4 13. Bf3 Bxf3 14. Qxf3 (14. Nxf3 $15 Nd5 15. Nc4) 14... Qd5 ({Black should play} 14... h6 $17 15. Ne4 Nxe4 16. Qxe4 Qe6) 15. Be3 {[#]} Rab8 $146 (15... b6 $15) ({Predecessor:} 15... Qxf3 16. Nxf3 Rd5 17. Rd2 Rad8 18. Rad1 Ne8 19. h4 Nc7 20. Kf1 Ne6 21. Ng5 Nc7 {½-½ (50) Grover,S (2484)-Grandelius,N (2647) Chess.com INT 2018}) 16. Ne4 $11 b6 17. Nxf6+ Bxf6 18. Qxd5 Rxd5 19. Kf1 Rbd8 {[%cal Oe5e4]} 20. Ke2 Kf8 {[%cal Bg8f8,Bf8e7,Be7e6][%mdl 32]} 21. Nc2 {[%cal Ba3c2,Bc2e3,Be3c4][%mdl 32]} Ke7 22. a4 Ke6 23. f3 Be7 24. Bf2 f5 25. Ne3 R5d7 26. Nc4 g5 27. h3 h5 28. g4 Bf8 (28... f4 {was preferrable.}) 29. Be3 (29. gxf5+ $11 Kxf5 30. h4) 29... Kf6 30. gxf5 Kxf5 31. Rg1 Be7 32. Rad1 Rc8 33. Rg2 Nd8 34. h4 $36 {[%cal Re3g5][%mdl 2048] White has the initiative.} gxh4 (34... Ne6 $11) 35. Rg8 (35. f4 $16) 35... Bf6 (35... Rdc7 $1 $11 {keeps the balance.}) 36. Rdg1 {Strongly threatening Bg5. White is much more active.} h3 37. Rh1 {The board is on fire.} Rc6 38. Rxh3 Rh7 39. a5 (39. Bf2 $16) 39... Nf7 ({Better is} 39... Ne6 $1 $11) 40. Rb8 Bd8 41. a6 Rc7 42. Na3 {[#] Nb5 is the strong threat.} Rd7 43. Nb5 $1 Ke6 (43... h4 $14) 44. Rb7 $16 {Black is now going downhill.} Nd6 45. Rxd7 Rxd7 46. Nxd6 Kxd6 47. Rxh5 {[%mdl 4096] Endgame KRB-KRB} Kc6 (47... Rg7 $16 48. d4 cxd4) 48. c4 {Black must now prevent Bg5.} Bc7 (48... Rg7 $16 {is a better defense.} 49. Rxe5 Rg2+ 50. Kd1 Rxb2) 49. Bf2 Re7 50. Rh6+ Bd6 (50... Kd7 $142 51. Ke3 Rg7) 51. Bg3 Kd7 52. Rg6 {Hoping for Ke3.} Bc7 $2 (52... Re6 53. Rg5 Ke8) 53. Ke3 $18 Bd6 54. Ke4 Kc7 (54... Kc6 $142 55. Bh2 Kd7) 55. Rg5 Rh7 56. Bxe5 Bxe5 57. Kxe5 {KR-KR} Rh2 58. Rg7+ Kb8 59. Rb7+ (59. f4 $142 Kc8 60. f5 Rh8 61. f6 Re8+ 62. Kd6 Rd8+ 63. Ke6 Rxd3 64. f7) 59... Ka8 60. f4 {[%cal Bf3f4,Bf4f5][%mdl 32] White mates.} Rxb2 61. f5 Re2+ 62. Kd6 b5 63. Re7 Rxe7 64. Kxe7 bxc4 65. dxc4 $2 {Weighted Error Value: White=0.13 (very precise) /Black=0.42} (65. f6 {mates} Kb8 66. Kd7 cxd3 67. f7 d2 68. f8=Q#) *

[Event "Spring Tour GM Mix B 2022"]
[Site "Cattolica"]
[Date "2022.03.14"]
[Round "9.10"]
[White "Engel, Robert"]
[Black "Roshka, Yevgeniy"]
[Result "0-1"]
[WhiteElo "2128"]
[BlackElo "2478"]
[Annotator "TA"]
[PlyCount "107"]
[EventDate "2022.03.10"]
[EventType "swiss"]
[EventCountry "ITA"]
[SourceTitle "playchess.com"]
[Source "ChessBase"]
[SourceQuality "1"]

{[%evp 10,107,24,19,35,45,66,48,56,47,81,72,71,59,70,36,65,40,41,35,37,31,70,34,71,34,75,80,81,84,66,62,103,105,132,120,133,121,196,0,0,0,0,0,0,0,0,0,0,-7,0,0,0,-191,-193,-375,-387,-387,-377,-346,-149,-148,-137,-225,-214,-393,-381,-366,-258,-522,-518,-458,-458,-785,-760,-715,-566,-566,-566,-566,-566,-559,-321,-834,-573,-495,-321,-688,-593,-29978,-29979,-29984,-29985,-29986,-29975,-29974,-29975,-29981,-29982,-29984]} 1. e4 c5 2. Nf3 Nc6 3. Bb5 g6 4. Bxc6 dxc6 5. d3 Bg7 6. h3 Nh6 {B31: Sicilian: 2...Nc6 3 Bb5 g6.} 7. a4 b6 8. O-O {[%cal Oa4a5]} f6 {White is slightly better.} 9. a5 Rb8 10. axb6 axb6 11. e5 {[#]} O-O $146 ({Predecessor:} 11... fxe5 12. Bxh6 Bxh6 13. Qe2 Bg7 14. Nxe5 Qc7 15. Re1 O-O 16. Nd2 Rf6 17. Ndf3 h6 {1-0 (36) Kuipers,S (2391)-Ikonnikov,V (2531) Caleta 2012}) 12. Nc3 {[%cal Bb1c3,Bc3e4,Be4g5][%mdl 32]} Nf5 13. exf6 (13. Bf4 $5 {[%cal Re5f6]} Rb7 14. exf6 exf6 15. Ra8 $14) 13... exf6 14. Bf4 Rb7 15. Ra8 Nd4 16. Ne4 Rd7 {To avoid Nd6} 17. Re1 h6 (17... Ne6 $14 18. Qc1 Nc7) 18. Nxd4 Rxd4 19. Qf3 g5 20. Be3 f5 {[#]} (20... Rd5 $14 {feels stronger.}) 21. Nxg5 $1 $16 {[%mdl 512]} Rd6 {[#]} (21... hxg5 22. Bxd4) 22. Qh5 {[%cal Oe3f4]} f4 23. Bxf4 Rdf6 {[#]} (23... Rd5 $16) 24. Be3 $2 ({Resist} 24. Be5 $6 hxg5 25. Qxg5 R6f7 $16) (24. Ra7 $1 $18 {[%cal Oe1e7] Black must now prevent Ree7!} hxg5 25. Bxg5) 24... hxg5 25. Bxg5 {Qh4 is the strong threat.} ({But not} 25. Ra7 Re6 26. Rea1 Qf6 $17) 25... Qd5 26. Re7 {[%cal Og5f6]} Re6 {Hoping for ...Rxe7. Really sharp!} 27. Raa7 {[%csl Ga7][%cal Re7g7]} Rxe7 $40 {[%mdl 128] Black has some attack.} 28. Rxe7 {aiming for Qg6.} Qf5 {To avoid Qg6} 29. f4 Be6 (29... Bxb2 $2 30. g4 Qf7 31. Rxf7 $18) 30. g4 Bf7 {This bishop pair is nice.} 31. gxf5 $2 (31. Qh4 $11 {and White is okay.} Bd4+ 32. Kh2) 31... Bxh5 $19 32. Re6 $2 (32. c3 {is a better defense.}) 32... Bxb2 33. Rxc6 Bd4+ 34. Kh2 Bd1 (34... Rxf5 $2 35. Rxb6 Bd1 36. Kg3) (34... b5 $19 {has better winning chances.} 35. c3 Bxc3 36. Rxc5 b4) 35. Rg6+ Kf7 36. Rxb6 (36. c3 $17 Bxc3 37. Rxb6) 36... Bxc2 37. Rb7+ $2 (37. Rd6 {only move.}) 37... Kg8 38. f6 Bxd3 39. Rc7 $2 (39. Rg7+ Kh8 40. Rd7) 39... Rf7 40. Rc6 Kh7 41. h4 (41. Kg3 $142) 41... Kg6 {And now ...Kf5 would win.} 42. Kg3 c4 43. Rd6 Bb2 44. Rd5 Bxf6 45. h5+ Kh7 46. Kg4 $2 (46. Bxf6 Rxf6 47. Kg4) 46... Bg7 {Strongly threatening ...Be4.} 47. f5 Bh6 ({Not} 47... Be2+ $2 48. Kf4) 48. f6 $2 (48. Bxh6 Kxh6 49. Rd6+ Kh7 50. Rc6) 48... Rc7 {( -> ...Bxg5)} 49. Rd6 Be2+ {Black mates.} 50. Kh4 Bxg5+ 51. Kxg5 Rc5+ 52. Kf4 Bxh5 53. Ke3 c3 54. Kd4 {What a bad dream for White.  Weighted Error Value: White=0.63/Black=0.31} 0-1